| 000 | 00716nas a2200241 4500 | ||
|---|---|---|---|
| 001 | BR9213422 | ||
| 003 | BR-BrBNA | ||
| 005 | 20231205095258.0 | ||
| 007 | ta | ||
| 008 | 230509b bl.|||p| |||| 00| 00por d | ||
| 040 |
_aBR-BrBNA _bpor _cBiblioteca Nacional de Agricultura |
||
| 041 | _a(Pt) | ||
| 072 | _aN10; Q02 | ||
| 100 | 1 | _aXavier, J.A. | |
| 100 | 1 | _aPiza, J.A.N.T. | |
| 245 | 1 | _aEstudo da otimizacao dos tempos de secagem e repouso do cafe, em secadores intermitentes | |
| 650 | _aCafe | ||
| 650 | _aSecagem | ||
| 650 | _aSecador | ||
| 773 | 0 |
_tEnergia na Agricultura (Brazil) _xISSN 0102-9169 _g(1990), v. 5(4) p. 5-10 _wBR9213422 |
|
| 909 |
_a202311 _bLúcia _c55 _dLúcia Elande |
||
| 942 |
_2AGRIS _n0 _cANA |
||
| 999 |
_c149783 _d149783 |
||